|
|
|
|
| LEADER |
00000nam0a2200000 4500 |
| 001 |
52123 |
| 005 |
20231101211342.0 |
| 010 |
|
|
|a 5946922165
|
| 035 |
|
|
|a (RuTPU)RU\TPU\book\54599
|
| 090 |
|
|
|a 52123
|
| 100 |
|
|
|a 20030522d2003 k y0rusy50 ca
|
| 101 |
0 |
|
|a rus
|
| 102 |
|
|
|a RU
|
| 105 |
|
|
|a y z 001zy
|
| 200 |
1 |
|
|a Новая экономика и информационные технологии
|f И. А. Стрелец
|
| 210 |
|
|
|a Москва
|c Экзамен
|d 2003
|
| 215 |
|
|
|a 256 с.
|
| 320 |
|
|
|a Библиогр.: с. 227-254
|
| 606 |
1 |
|
|a Экономические информационные системы
|2 stltpush
|3 (RuTPU)RU\TPU\subj\71394
|9 85329
|
| 610 |
1 |
|
|a экономика
|
| 610 |
1 |
|
|a информатика
|
| 610 |
1 |
|
|a информационное общество
|
| 610 |
1 |
|
|a информационные технологии
|
| 610 |
1 |
|
|a виртуальная экономика
|
| 610 |
1 |
|
|a электронная коммерция
|
| 686 |
|
|
|a У9(2)39
|v LBC/SL-A
|2 rubbk
|
| 700 |
|
1 |
|a Стрелец
|b И. А.
|g Ирина Александровна
|
| 801 |
|
1 |
|a RU
|b 63413507
|c 20030522
|g PSBO
|
| 801 |
|
2 |
|a RU
|b 63413507
|c 20211028
|g PSBO
|
| 942 |
|
|
|c BK
|